[Event "Budapest-chT1 Lilienthal 1718"]
[Site "Budapest"]
[Date "2018.02.25"]
[Round "10"]
[White "Mikulas, Adam"]
[Black "Juracsik, Jozsef"]
[Result "0-1"]
[WhiteElo "1713"]
[BlackElo "2102"]
[PlyCount "74"]
[EventDate "2017.10.01"]
[EventType "team-tourn"]
[EventRounds "13"]
[EventCountry "HUN"]
[SourceTitle "EXT 2021"]
[Source "ChessBase"]
[SourceDate "2020.10.23"]
[SourceVersion "1"]
[SourceVersionDate "2020.10.23"]
[SourceQuality "1"]
[WhiteTeam "Barcza GSC"]
[BlackTeam "Siraly"]
[WhiteTeamCountry "HUN"]
[BlackTeamCountry "HUN"]

1. e4 c5 2. Nf3 d6 3. Nc3 Nf6 4. d4 cxd4 5. Nxd4 a6 6. Bd3 g6 7. 0-0 Bg7 8. Be3 Ng4 9. h3 Nxe3 10. fxe3 0-0 11. Bc4 e6 12. a3 Nc6 13. Nce2 Qc7 14. Ba2 Ne5 15. c3 Nc4 16. Qc1 e5 17. Nc2 b5 18. Nb4 Bb7 19. b3 Nb6 20. Bb1 a5 21. Na2 Bh6 22. Ng3 d5 23. Qe1 dxe4 24. Bxe4 Bxe4 25. Nxe4 f5 26. Nd2 Nd5 27. e4 Ne3 28. Rf3 Nc2 29. Qd1 Nxa1 30. Nf1 Rad8 31. Qxa1 fxe4 32. Rxf8+ Rxf8 33. Qe1 e3 34. Qe2 Rf2 35. Qxb5 Rxa2 36. Qd5+ Qf7 37. Qxe5 Qf2+ 0-1

[Event "Budapest-chT1 Lilienthal 1718"]
[Site "Budapest"]
[Date "2017.12.10"]
[Round "5"]
[White "Nagy, Laszlo"]
[Black "Mikulas, Adam"]
[Result "1-0"]
[WhiteElo "1918"]
[BlackElo "1713"]
[PlyCount "115"]
[EventDate "2017.10.01"]
[EventType "team-tourn"]
[EventRounds "13"]
[EventCountry "HUN"]
[SourceTitle "EXT 2021"]
[Source "ChessBase"]
[SourceDate "2020.10.23"]
[SourceVersion "1"]
[SourceVersionDate "2020.10.23"]
[SourceQuality "1"]
[WhiteTeam "Fabulon"]
[BlackTeam "Barcza GSC"]
[WhiteTeamCountry "HUN"]
[BlackTeamCountry "HUN"]

1. c4 e5 2. Nc3 Nc6 3. g3 g6 4. Bg2 Nge7 5. e3 Bg7 6. Nge2 0-0 7. d4 exd4 8. exd4 Nf5 9. d5 Ncd4 10. 0-0 Nxe2+ 11. Qxe2 Re8 12. Qd3 d6 13. Bf4 Nd4 14. Rfe1 Bf5 15. Ne4 Bxe4 16. Rxe4 Nf5 17. Rae1 Qd7 18. b3 Bf6 19. Bh3 Rxe4 20. Qxe4 Bc3 21. Re2 Rd8 22. Kg2 h5 23. Bxf5 Qxf5 24. Qxf5 gxf5 25. Re7 Rc8 26. c5 Bd4 27. c6 bxc6 28. dxc6 Kf8 29. Re2 f6 30. Kf3 Kf7 31. Be3 Bb6 32. b4 Bxe3 33. Rxe3 Rb8 34. Rb3 Rb6 35. b5 a6 36. a4 axb5 37. axb5 Ke6 38. Kf4 d5 39. Re3+ Kf7 40. Rb3 Ke6 41. f3 d4 42. h3 Rb8 43. Rb1 Kd5 44. Kxf5 d3 45. g4 hxg4 46. fxg4 d2 47. Rd1 Rxb5 48. Rxd2+ Kxc6+ 49. Kxf6 Rb3 50. h4 Rb4 51. Rg2 Kd6 52. h5 Rf4+ 53. Kg7 Ke7 54. Re2+ Kd6 55. g5 Rf5 56. Kg6 Rf8 57. h6 Rg8+ 58. Kf6 1-0

[Event "Budapest-chT1 Lilienthal 1718"]
[Site "Budapest"]
[Date "2017.10.01"]
[Round "1"]
[White "Karacsonyi, Kata"]
[Black "Mikulas, Adam"]
[Result "0-1"]
[WhiteElo "1763"]
[BlackElo "1713"]
[PlyCount "88"]
[EventDate "2017.10.01"]
[EventType "team-tourn"]
[EventRounds "13"]
[EventCountry "HUN"]
[SourceTitle "EXT 2021"]
[Source "ChessBase"]
[SourceDate "2020.10.23"]
[SourceVersion "1"]
[SourceVersionDate "2020.10.23"]
[SourceQuality "1"]
[WhiteTeam "Aquarena III"]
[BlackTeam "Barcza GSC"]
[WhiteTeamCountry "HUN"]
[BlackTeamCountry "HUN"]

1. e4 Nf6 2. e5 Nd5 3. d4 d6 4. c4 Nb6 5. exd6 cxd6 6. Nc3 g6 7. Be3 Bg7 8. Rc1 0-0 9. b3 e5 10. dxe5 dxe5 11. Bc5 Re8 12. Nb5 Na6 13. Ba3 Nd7 14. Nd6 Re6 15. b4 Bf8 16. c5 Bxd6 17. cxd6 Nf6 18. Bc4 Rxd6 19. Qb3 Nc7 20. Nf3 Be6 21. b5 Bxc4 22. Qxc4 Rd5 23. 0-0 Nxb5 24. Bb2 Nd6 25. Qh4 Nf5 26. Qc4 b5 27. Qc3 Nd4 28. Nxd4 exd4 29. Qd3 Qb6 30. Rfd1 Rad8 31. Rc2 Ng4 32. Rcd2 Ne5 33. Qe4 Nc4 34. Rc2 Nxb2 35. Rxb2 b4 36. a3 a5 37. axb4 axb4 38. Rdb1 Rb5 39. Qd3 Qc5 40. Rc2 Qf5 41. Rd2 Qxd3 42. Rxd3 Rc5 43. Rdb3 d3 44. Rxb4 d2 0-1

[Event "Budapest-chT1 Lilienthal 1516"]
[Site "Budapest"]
[Date "2015.12.13"]
[Round "5"]
[White "Mikulas, Adam"]
[Black "Letay, Gyula"]
[Result "1-0"]
[WhiteElo "1714"]
[BlackElo "1940"]
[PlyCount "83"]
[EventDate "2015.09.20"]
[EventType "team-tourn"]
[EventRounds "9"]
[EventCountry "HUN"]
[SourceTitle "EXT 2021"]
[Source "ChessBase"]
[SourceDate "2020.10.23"]
[SourceVersion "1"]
[SourceVersionDate "2020.10.23"]
[SourceQuality "1"]
[WhiteTeam "Barcza GSC"]
[BlackTeam "Budapest Vasas II"]
[WhiteTeamCountry "HUN"]
[BlackTeamCountry "HUN"]

1. e4 e5 2. Nf3 Nc6 3. d4 exd4 4. Nxd4 Bc5 5. Be3 Qf6 6. c3 Nxd4 7. Bxd4 Bxd4 8. cxd4 Ne7 9. Nc3 0-0 10. g3 Qb6 11. a3 d6 12. Bc4 Bg4 13. Qd2 Bf3 14. 0-0 Qa5 15. d5 c5 16. Qf4 Bh5 17. Qg5 b5 18. Bxb5 Rab8 19. Qxe7 Rxb5 20. Nxb5 Qxb5 21. Qxd6 Be2 22. Rfe1 Bd3 23. e5 c4 24. e6 fxe6 25. dxe6 Qxb2 26. Qc5 Qf6 27. e7 Re8 28. Qd5+ Kh8 29. Qd7 Qf7 30. Qxa7 h6 31. Qb7 c3 32. Qd7 Bf5 33. Qc7 c2 34. a4 Qd5 35. Qe5 Qd3 36. Qb5 Qxb5 37. axb5 Kg8 38. b6 Kf7 39. b7 Bd7 40. Ra8 Rxe7 41. Rxe7+ Kxe7 42. Ra1 1-0

[Event "Budapest-chT1 Lilienthal 1112"]
[Site "Budapest"]
[Date "2012.03.04"]
[Round "9"]
[White "Nemeth, Henrietta"]
[Black "Mikulas, Adam"]
[Result "1-0"]
[WhiteElo "1666"]
[BlackElo "1745"]
[PlyCount "59"]
[EventDate "2011.10.02"]
[EventType "team-tourn"]
[EventRounds "11"]
[EventCountry "HUN"]
[SourceTitle "EXT 2020"]
[Source "ChessBase"]
[SourceDate "2019.10.17"]
[SourceVersion "1"]
[SourceVersionDate "2019.10.17"]
[SourceQuality "1"]
[WhiteTeam "Taban Spartacus II"]
[BlackTeam "Barcza GSC"]
[WhiteTeamCountry "HUN"]
[BlackTeamCountry "HUN"]

1. e4 Nf6 2. e5 Nd5 3. d4 d6 4. c4 Nb6 5. exd6 exd6 6. Nf3 Be7 7. Be3 0-0 8. Nc3 Bg4 9. Be2 Nc6 10. b3 Bf6 11. 0-0 Re8 12. h3 Bh5 13. Rc1 Qc8 14. Re1 Bxf3 15. Bxf3 Nxd4 16. Bxd4 Rxe1+ 17. Qxe1 Bxd4 18. Qe4 Bxc3 19. Rxc3 Rb8 20. Re3 g6 21. h4 Qf8 22. h5 c6 23. hxg6 hxg6 24. Qh4 Re8 25. Be4 Re6 26. Rh3 Kg7 27. Qh6+ Kf6 28. Qxf8 Rxe4 29. Rf3+ Kg5 30. Qxf7 1-0

[Event "HUN-chT U18"]
[Site "Miskolc"]
[Date "2011.11.02"]
[Round "1.1"]
[White "Mikulas, Adam"]
[Black "Tesik, Csaba"]
[Result "0-1"]
[WhiteElo "1745"]
[BlackElo "2289"]
[PlyCount "84"]
[EventDate "2011.11.02"]
[EventType "team-swiss"]
[EventRounds "8"]
[EventCountry "HUN"]
[SourceTitle "EXT 2012"]
[Source "ChessBase"]
[SourceDate "2011.11.24"]
[SourceVersion "1"]
[SourceVersionDate "2011.11.24"]
[SourceQuality "1"]
[WhiteTeam "Barcza II"]
[BlackTeam "Toth Laszlo"]
[WhiteTeamCountry "HUN"]
[BlackTeamCountry "HUN"]

1. e4 c5 2. Nf3 e6 3. Nc3 a6 4. d4 cxd4 5. Nxd4 Qc7 6. Be2 b5 7. a3 Bb7 8. Bf3 Nc6 9. Nxc6 dxc6 10. 0-0 Nf6 11. Re1 e5 12. Be3 Be7 13. g3 0-0 14. Bg2 Rad8 15. Qe2 Bc8 16. Rad1 Be6 17. Rxd8 Rxd8 18. Rd1 Nd7 19. f4 f6 20. f5 Bf7 21. Qg4 a5 22. h4 Kh8 23. Rd2 Ra8 24. Qd1 Nb6 25. Bxb6 Qxb6+ 26. Kh2 Be8 27. Bf1 b4 28. Na4 Qe3 29. Re2 Qa7 30. axb4 axb4 31. b3 Bh5 32. Qd3 Bxe2 33. Bxe2 Bc5 34. Qc4 Bg1+ 35. Kh3 Qf2 36. Qxc6 Rg8 37. Qc4 Qh2+ 38. Kg4 Bf2 39. Qd3 Bxg3 40. Qxg3 Qxe2+ 41. Kh3 Qxc2 42. Qf3 Rd8 0-1

[Event "Budapest-chT1 Lilienthal 1112"]
[Site "Budapest"]
[Date "2011.10.16"]
[Round "2"]
[White "Lovas, Miklos"]
[Black "Mikulas, Adam"]
[Result "1-0"]
[WhiteElo "1806"]
[BlackElo "1745"]
[PlyCount "113"]
[EventDate "2011.10.02"]
[EventType "team-tourn"]
[EventRounds "11"]
[EventCountry "HUN"]
[SourceTitle "EXT 2020"]
[Source "ChessBase"]
[SourceDate "2019.10.17"]
[SourceVersion "1"]
[SourceVersionDate "2019.10.17"]
[SourceQuality "1"]
[WhiteTeam "Budapest Honved III"]
[BlackTeam "Barcza GSC"]
[WhiteTeamCountry "HUN"]
[BlackTeamCountry "HUN"]

1. e4 Nf6 2. e5 Nd5 3. c4 Nb6 4. d4 d6 5. exd6 exd6 6. Nc3 g6 7. Nf3 Bg7 8. Be2 0-0 9. 0-0 Be6 10. b3 c5 11. Be3 cxd4 12. Nxd4 Nc6 13. Nxe6 fxe6 14. Rc1 Nc8 15. Bf3 Rb8 16. Re1 Qa5 17. Bd2 Ne5 18. Be4 Qd8 19. Be3 Qh4 20. h3 Rf7 21. Qd2 Nd7 22. Bg5 Qh5 23. Bf3 Rxf3 24. gxf3 Ne5 25. Rxe5 Bxe5 26. f4 Bg7 27. Qe3 Kf7 28. Re1 e5 29. fxe5 dxe5 30. Bd8 Ne7 31. Bxe7 Kxe7 32. Qc5+ Ke6 33. Qd5+ Kf5 34. Qd7+ Kg5 35. Qxg7 Kh4 36. Rxe5 g5 37. Qd7 Rf8 38. Re4+ Rf4 39. Rxf4+ gxf4 40. Qg4+ Qxg4+ 41. hxg4 Kxg4 42. Nb5 Kf3 43. Nxa7 h5 44. Nb5 h4 45. Nd6 h3 46. Nxb7 h2+ 47. Kxh2 Kxf2 48. c5 f3 49. Nd6 Ke3 50. Ne4 Kxe4 51. Kg1 Kd5 52. Kf2 Kxc5 53. Kxf3 Kb4 54. Ke3 Kb5 55. Kd3 Kc5 56. Kc3 Kb5 57. b4 1-0

[Event "Budapest-chT1 Lilienthal 1011"]
[Site "Budapest"]
[Date "2011.02.27"]
[Round "9"]
[White "Mikulas, Adam"]
[Black "Kozak, Adam"]
[Result "1-0"]
[WhiteElo "1680"]
[BlackElo "1548"]
[PlyCount "95"]
[EventDate "2010.09.19"]
[EventType "team-tourn"]
[EventRounds "11"]
[EventCountry "HUN"]
[SourceTitle "EXT 2020"]
[Source "ChessBase"]
[SourceDate "2019.10.17"]
[SourceVersion "1"]
[SourceVersionDate "2019.10.17"]
[SourceQuality "1"]
[WhiteTeam "Barcza GSC"]
[BlackTeam "Taban Spartacus II"]
[WhiteTeamCountry "HUN"]
[BlackTeamCountry "HUN"]

1. e4 c5 2. Nf3 d6 3. Nc3 Nf6 4. d4 cxd4 5. Nxd4 a6 6. b3 Qc7 7. Bb2 b5 8. a3 Bb7 9. Bd3 Nbd7 10. 0-0 g6 11. Re1 Bg7 12. Qd2 Rc8 13. Rab1 Ng4 14. h3 Bxd4 15. Nxb5 axb5 16. Bxd4 Ngf6 17. Bxb5 e5 18. Ba1 Nxe4 19. Qb4 Nef6 20. Bxe5 0-0 21. Bxd6 Nd5 22. Bxc7 Nxb4 23. Bd6 Nxc2 24. Bxd7 Nxe1 25. Bxf8 Nf3+ 26. gxf3 Rxf8 27. Kg2 Rd8 28. Bb5 Rc8 29. Re1 Kg7 30. b4 Rc2 31. Re3 Bd5 32. Bd3 Ra2 33. Re5 Bb7 34. Ra5 Rb2 35. Bc4 Rc2 36. Ra7 Bxf3+ 37. Kxf3 Rxc4 38. b5 Rc3+ 39. Kg2 Rb3 40. a4 h5 41. Ra6 Kf8 42. b6 Ke8 43. a5 f5 44. Ra7 Kd8 45. b7 Kc7 46. a6 g5 47. Ra8 Rxb7 48. axb7 1-0

[Event "HUN-chT U18"]
[Site "Miskolc"]
[Date "2010.11.02"]
[Round "1.9"]
[White "Horvath, David G"]
[Black "Mikulas, Adam"]
[Result "1-0"]
[WhiteElo "2292"]
[BlackElo "1680"]
[PlyCount "61"]
[EventDate "2010.11.02"]
[EventType "team-swiss"]
[EventRounds "8"]
[EventCountry "HUN"]
[SourceTitle "EXT 2016"]
[Source "ChessBase"]
[SourceDate "2015.10.08"]
[SourceVersion "1"]
[SourceVersionDate "2015.10.08"]
[SourceQuality "1"]

1. d4 d5 2. c4 dxc4 3. Nf3 Nf6 4. e3 e6 5. Bxc4 Nbd7 6. 0-0 b6 7. Nc3 Bb7 8. Qe2 Bd6 9. Rd1 Qe7 10. e4 e5 11. Bg5 h6 12. Nd5 Bxd5 13. Bxd5 Rd8 14. dxe5 Nxe5 15. Nxe5 Qxe5 16. f4 Qe7 17. Bxf6 gxf6 18. Qh5 Rh7 19. e5 fxe5 20. fxe5 Bc5+ 21. Kh1 Kf8 22. Be4 Rg7 23. Qxh6 Rxd1+ 24. Rxd1 Qxe5 25. Qh8+ Ke7 26. Qd8+ Ke6 27. Qd7+ Kf6 28. Rf1+ Kg5 29. Rf5+ Qxf5 30. Qxf5+ Kh6 31. Qf6+ 1-0

[Event "Budapest FS03 FM-B"]
[Site "Budapest"]
[Date "2010.03.14"]
[Round "9"]
[White "Marosi, Levente"]
[Black "Mikulas, Adam"]
[Result "1-0"]
[WhiteElo "1657"]
[BlackElo "1697"]
[PlyCount "71"]
[EventDate "2010.03.06"]
[EventType "tourn"]
[EventRounds "9"]
[EventCountry "HUN"]
[SourceTitle "CBM 135 Extra"]
[Source "ChessBase"]
[SourceDate "2010.05.04"]
[SourceVersion "1"]
[SourceVersionDate "2010.05.04"]
[SourceQuality "1"]

1. e4 Nf6 2. e5 Nd5 3. c4 Nb6 4. d4 d6 5. exd6 cxd6 6. Nc3 g6 7. Be3 Bg7 8. Nf3 0-0 9. Be2 Bg4 10. 0-0 Nc6 11. b3 e5 12. dxe5 dxe5 13. Rc1 Qe7 14. Bxb6 axb6 15. h3 Bf5 16. Nd5 Qc5 17. a4 Rad8 18. Qe1 Nd4 19. b4 Nxe2+ 20. Qxe2 Qd6 21. Rfd1 Kh8 22. Qe3 Qc6 23. b5 Qe6 24. Nxb6 e4 25. Ng5 Rxd1+ 26. Rxd1 Qe7 27. g4 Bh6 28. gxf5 Bxg5 29. Nd5 Qd8 30. Qxe4 gxf5 31. Qxf5 Qd6 32. f4 Qc5+ 33. Kh1 Qf2 34. Qxg5 Qf3+ 35. Kh2 Qxd1 36. Qf6+ 1-0

[Event "Budapest FS03 FM-B"]
[Site "Budapest"]
[Date "2010.03.11"]
[Round "6"]
[White "Mikulas, Adam"]
[Black "Grimm, Gyorgy"]
[Result "0-1"]
[WhiteElo "1697"]
[BlackElo "1664"]
[PlyCount "108"]
[EventDate "2010.03.06"]
[EventType "tourn"]
[EventRounds "9"]
[EventCountry "HUN"]
[SourceTitle "CBM 135 Extra"]
[Source "ChessBase"]
[SourceDate "2010.05.04"]
[SourceVersion "1"]
[SourceVersionDate "2010.05.04"]
[SourceQuality "1"]

1. e4 c5 2. Nf3 Nc6 3. d4 cxd4 4. Nxd4 Nf6 5. Nc3 e5 6. Nxc6 bxc6 7. Bc4 Bb7 8. Bg5 Be7 9. Bxf6 Bxf6 10. 0-0 0-0 11. Qd3 Qc7 12. Rad1 Rad8 13. Qg3 Be7 14. Bb3 d6 15. f4 Qb6+ 16. Kh1 exf4 17. Rxf4 d5 18. Rg4 g6 19. exd5 cxd5 20. Rgd4 Bf6 21. Nxd5 Qxd4 22. Rxd4 Bxd4 23. c4 Bxd5 24. cxd5 Bxb2 25. Qf2 Rde8 26. g3 Bg7 27. Qxa7 Ra8 28. Qe3 Rae8 29. Qf3 Bd4 30. d6 Rd8 31. Qb7 Rxd6 32. Bxf7+ Kh8 33. Bb3 Bg7 34. Qe7 Rdf6 35. Kg2 Rf2+ 36. Kh3 R2f5 37. a4 Rh5+ 38. Kg2 Ra5 39. Qh4 Rh5 40. Qb4 Re5 41. Qb6 Re2+ 42. Kh3 Re5 43. a5 Ree8 44. a6 Rb8 45. Qe3 Rfe8 46. a7 Ra8 47. Qb6 Red8 48. Bd5 Rxd5 49. g4 Bd4 50. Qb7 Rdd8 51. Qe7 Re8 52. Qf7 Bxa7 53. Qf6+ Kg8 54. Qc3 Re3+ 0-1

[Event "Budapest FS03 FM-B"]
[Site "Budapest"]
[Date "2010.03.10"]
[Round "5"]
[White "Toth, Antal"]
[Black "Mikulas, Adam"]
[Result "1/2-1/2"]
[WhiteElo "1664"]
[BlackElo "1697"]
[PlyCount "147"]
[EventDate "2010.03.06"]
[EventType "tourn"]
[EventRounds "9"]
[EventCountry "HUN"]
[SourceTitle "CBM 135 Extra"]
[Source "ChessBase"]
[SourceDate "2010.05.04"]
[SourceVersion "1"]
[SourceVersionDate "2010.05.04"]
[SourceQuality "1"]

1. e4 Nf6 2. d3 e5 3. Nf3 Nc6 4. c3 d6 5. Be2 g6 6. 0-0 Bg7 7. h3 0-0 8. Nbd2 Bd7 9. Nh2 d5 10. exd5 Nxd5 11. Ne4 Bf5 12. Nc5 b6 13. Nb3 Rb8 14. Bf3 Nce7 15. Re1 Nf4 16. Bxf4 exf4 17. d4 Nc8 18. Be4 Bxe4 19. Rxe4 Bh6 20. Ng4 Bg5 21. Re1 Nd6 22. Ne5 Qc8 23. Nd2 Re8 24. Ndf3 Bf6 25. Qd2 Qf5 26. Qd3 Bxe5 27. Qxf5 Nxf5 28. Nxe5 a5 29. Nd7 Rxe1+ 30. Rxe1 Rd8 31. Nf6+ Kh8 32. Kf1 c6 33. Re4 Rd6 34. Ng4 c5 35. Rxf4 cxd4 36. cxd4 Rxd4 37. Rxd4 Nxd4 38. Ke1 Nc6 39. b3 Nb4 40. a4 Nc6 41. Kd2 f5 42. Ne3 Na7 43. Nc4 Nc8 44. Kc3 Kg7 45. b4 Kf6 46. b5 Ke6 47. Kd4 g5 48. g3 h6 49. f3 h5 50. Ne3 Ne7 51. Nc4 Nd5 52. Kd3 h4 53. gxh4 gxh4 54. Kd4 Nf4 55. Nxb6 Nxh3 56. Nd5 Ng5 57. Nf4+ Kd6 58. Ke3 h3 59. Kf2 h2 60. Kg2 Nxf3 61. Ne2 Kc5 62. Ng3 Nd4 63. Kxh2 Kb4 64. b6 Kxa4 65. Nxf5 Nc6 66. b7 Kb4 67. Nd4 Nb8 68. Nc2+ Kb5 69. Na3+ Kc6 70. Kg2 Kxb7 71. Kf2 Kc6 72. Ke3 Kc5 73. Kd3 Kb4 74. Nc2+ 1/2-1/2

[Event "Budapest FS03 FM-B"]
[Site "Budapest"]
[Date "2010.03.07"]
[Round "2"]
[White "Mikulas, Adam"]
[Black "Mihajlova, Diana"]
[Result "1-0"]
[WhiteElo "1697"]
[BlackElo "1458"]
[PlyCount "97"]
[EventDate "2010.03.06"]
[EventType "tourn"]
[EventRounds "9"]
[EventCountry "HUN"]
[SourceTitle "CBM 135 Extra"]
[Source "ChessBase"]
[SourceDate "2010.05.04"]
[SourceVersion "1"]
[SourceVersionDate "2010.05.04"]
[SourceQuality "1"]

1. e4 d5 2. exd5 Nf6 3. Nf3 Bg4 4. Be2 Nxd5 5. h3 Bh5 6. 0-0 e6 7. d4 Bd6 8. Ne5 Bg6 9. c4 Ne7 10. Qb3 Qc8 11. Bf3 c6 12. Bf4 Bxe5 13. Bxe5 Nf5 14. d5 Nd7 15. dxc6 bxc6 16. Bc3 Nh4 17. Bxg7 Nxf3+ 18. Qxf3 Rg8 19. Bd4 Bf5 20. Re1 Bg6 21. Nc3 c5 22. Nb5 Kf8 23. Bc3 a5 24. Nc7 Ra7 25. Nxe6+ Ke7 26. Nxc5+ Kd6 27. Qd5+ Kc7 28. Nxd7 Qxd7 29. Be5+ Kd8 30. Bf6+ Kc8 31. Qc5+ Qc7 32. Qb5 Qd7 33. Qb3 Qc6 34. Qc3 Be4 35. g3 Bg2 36. Kh2 Rg6 37. Bh4 Rc7 38. Qxa5 Be4 39. Rad1 f5 40. Rd8+ Kb7 41. Qa8+ Kb6 42. Rb8+ Rb7 43. Bd8+ Kc5 44. Rc8 Rc7 45. Rxc7 Qxc7 46. Qa3+ Kc6 47. Bxc7 Kxc7 48. f3 Bxf3 49. Qxf3 1-0

[Event "HUN-chT2 Erkel 0910"]
[Site "Hungary"]
[Date "2010.02.28"]
[Round "7.12"]
[White "Mikulas, Adam"]
[Black "Takacs, Tamas1111"]
[Result "1-0"]
[WhiteElo "1703"]
[BlackElo "1823"]
[PlyCount "57"]
[EventDate "2009.11.08"]
[EventType "team-tourn"]
[EventRounds "11"]
[EventCountry "HUN"]
[SourceTitle "EXT 2011"]
[Source "ChessBase"]
[SourceDate "2010.11.26"]
[SourceVersion "1"]
[SourceVersionDate "2010.11.26"]
[SourceQuality "1"]
[WhiteTeam "Barcza"]
[BlackTeam "Pestszentlorinc"]
[WhiteTeamCountry "HUN"]
[BlackTeamCountry "HUN"]

1. e4 e5 2. Nf3 d6 3. d4 exd4 4. Nxd4 Nf6 5. Nc3 Be7 6. Be2 Bd7 7. 0-0 0-0 8. Bf3 Nc6 9. Nxc6 Bxc6 10. Re1 Re8 11. a3 h6 12. Bf4 a6 13. Bg3 Nd7 14. Nd5 Bf6 15. c3 b6 16. Nxf6+ Qxf6 17. Qd4 Bb7 18. e5 dxe5 19. Qxd7 Bxf3 20. gxf3 Re7 21. Qd5 Rae8 22. Re3 Qd6 23. Qxd6 cxd6 24. Rd1 Rd8 25. Rxe5 dxe5 26. Rxd8+ Kh7 27. Rd6 Re6 28. Rxe6 fxe6 29. c4 1-0

[Event "HUN-chT2 Erkel 0910"]
[Site "Hungary"]
[Date "2009.11.22"]
[Round "2.12"]
[White "Mikulas, Adam"]
[Black "Pasztor, Peter"]
[Result "1-0"]
[WhiteElo "1703"]
[BlackElo "1874"]
[PlyCount "47"]
[EventDate "2009.11.08"]
[EventType "team-tourn"]
[EventRounds "11"]
[EventCountry "HUN"]
[SourceTitle "EXT 2011"]
[Source "ChessBase"]
[SourceDate "2010.11.26"]
[SourceVersion "1"]
[SourceVersionDate "2010.11.26"]
[SourceQuality "1"]
[WhiteTeam "Barcza"]
[BlackTeam "Ujszasz"]
[WhiteTeamCountry "HUN"]
[BlackTeamCountry "HUN"]

1. e4 c6 2. d4 d5 3. exd5 cxd5 4. Nf3 Bg4 5. Be2 e6 6. Ne5 Bxe2 7. Qxe2 Nc6 8. Nc3 Bd6 9. Nb5 Bb8 10. Nxc6 bxc6 11. Nc3 Qb6 12. Qd3 Nf6 13. b3 Bd6 14. 0-0 Qc7 15. g3 h5 16. h4 Ng4 17. Re1 a6 18. Bd2 Nh6 19. a4 Nf5 20. Qxf5 Bxg3 21. fxg3 Qxg3+ 22. Kf1 Qxh4 23. Bg5 Qg3 24. Rxe6+ 1-0

[Event "HUN-chT U18"]
[Site "Miskolc"]
[Date "2009.10.28"]
[Round "4.12"]
[White "Csirik, Janos"]
[Black "Mikulas, Adam"]
[Result "0-1"]
[WhiteElo "1649"]
[BlackElo "1703"]
[PlyCount "76"]
[EventDate "2009.10.26"]
[EventType "team-swiss"]
[EventRounds "8"]
[EventCountry "HUN"]
[SourceTitle "EXT 2016"]
[Source "ChessBase"]
[SourceDate "2015.10.08"]
[SourceVersion "1"]
[SourceVersionDate "2015.10.08"]
[SourceQuality "1"]

1. e4 Nf6 2. e5 Nd5 3. d4 d6 4. exd6 cxd6 5. Nf3 Nc6 6. c4 Nf6 7. Be2 Bg4 8. Nc3 g6 9. Be3 Bg7 10. Rc1 0-0 11. 0-0 a6 12. a3 Rc8 13. Qd3 Bf5 14. Qd2 Na5 15. Qd1 Nxc4 16. Bxc4 Rxc4 17. Qb3 Rc7 18. d5 Nd7 19. Na4 b5 20. Nc3 Bd3 21. Rfd1 Bc4 22. Qc2 Nc5 23. Bxc5 Rxc5 24. b4 Rc8 25. Qd2 Qd7 26. Ne2 Qf5 27. Ng3 Qf6 28. Qe3 Rfe8 29. h3 Qb2 30. Ng5 Qe5 31. Qxe5 Bxe5 32. N3e4 Bb2 33. Rb1 Bxa3 34. Re1 Bxd5 35. Re3 Rc1+ 36. Rxc1 Bxc1 37. Re1 Rc8 38. Nf3 Bf4 0-1

[Event "HUN-chT U18"]
[Site "Miskolc"]
[Date "2009.10.28"]
[Round "5.11"]
[White "Mikulas, Adam"]
[Black "Juhasz, Barbara"]
[Result "0-1"]
[WhiteElo "1703"]
[BlackElo "1880"]
[PlyCount "116"]
[EventDate "2009.10.26"]
[EventType "team-swiss"]
[EventRounds "8"]
[EventCountry "HUN"]
[SourceTitle "EXT 2016"]
[Source "ChessBase"]
[SourceDate "2015.10.08"]
[SourceVersion "1"]
[SourceVersionDate "2015.10.08"]
[SourceQuality "1"]

1. e4 c5 2. Nf3 e6 3. d4 cxd4 4. Nxd4 a6 5. Nc3 Qc7 6. Be2 Bb4 7. Bd2 Nf6 8. Bf3 Be7 9. 0-0 0-0 10. Re1 d6 11. g3 Nbd7 12. Bg2 Rb8 13. Nf3 b5 14. a3 Bb7 15. Bf4 Rbd8 16. Qc1 Rfe8 17. e5 dxe5 18. Nxe5 Nxe5 19. Bxe5 Qb6 20. Bxb7 Qxb7 21. Qf4 h6 22. h4 Rd7 23. Bxf6 Bxf6 24. Ne4 Be7 25. Re2 Red8 26. Rae1 Rd1 27. Kh2 Rxe1 28. Rxe1 Qb6 29. Re2 Qc6 30. Qf3 Qc4 31. c3 Qc7 32. Qe3 Bxh4 33. Kh3 Be7 34. Re1 Qe5 35. Qa7 Bf8 36. Re3 Qh5+ 37. Kg2 Rd1 38. g4 Qxg4+ 39. Ng3 Rd6 40. Re4 Qd1 41. Qe3 Qd2 42. Qf3 Rd3 43. Qg4 f5 44. Qg6 Rxg3+ 45. Kxg3 fxe4 46. Qxe6+ Kh8 47. Qe8 Qg5+ 48. Kh2 Qf4+ 49. Kg2 Kh7 50. Qc6 Qg4+ 51. Kf1 Qg6 52. Qc8 Be7 53. Qb7 Bg5 54. c4 Qe6 55. Ke2 Bf6 56. Kd2 Qd6+ 57. Kc1 Bg5+ 58. Kc2 Qd3# 0-1

[Event "HUN-chT U18"]
[Site "Miskolc"]
[Date "2008.10.31"]
[Round "8.12"]
[White "Mikulas, Adam"]
[Black "Fodor, Adam"]
[Result "0-1"]
[WhiteElo "1759"]
[BlackElo "1829"]
[PlyCount "60"]
[EventDate "2008.10.27"]
[EventType "team-swiss"]
[EventRounds "8"]
[EventCountry "HUN"]
[SourceTitle "EXT 2016"]
[Source "ChessBase"]
[SourceDate "2015.10.08"]
[SourceVersion "1"]
[SourceVersionDate "2015.10.08"]
[SourceQuality "1"]

1. e4 e6 2. d4 d5 3. exd5 exd5 4. Nc3 Nf6 5. Bg5 c6 6. Bd3 Be6 7. a3 Bd6 8. Nf3 Nbd7 9. Qe2 Qc7 10. Bxf6 gxf6 11. Bf5 0-0-0 12. Bxe6 fxe6 13. 0-0-0 Bf4+ 14. Kb1 e5 15. dxe5 fxe5 16. g3 Bh6 17. Rhe1 Rde8 18. Nd4 Nf6 19. Nf5 Bf8 20. Qe3 d4 21. Qg5 dxc3 22. Qxf6 Bxa3 23. Nd6+ Bxd6 24. Qxd6 cxb2 25. Rxe5 Rxe5 26. Qd4 Rd8 27. Qg4+ Kb8 28. Rf1 Qa5 29. Kxb2 Rb5+ 30. Qb4 Qxb4+ 0-1

[Event "HUN-chT U18"]
[Site "Miskolc"]
[Date "2008.10.29"]
[Round "5.17"]
[White "Csomor, Viktor"]
[Black "Mikulas, Adam"]
[Result "0-1"]
[WhiteElo "1911"]
[BlackElo "1759"]
[PlyCount "114"]
[EventDate "2008.10.27"]
[EventType "team-swiss"]
[EventRounds "8"]
[EventCountry "HUN"]
[SourceTitle "EXT 2016"]
[Source "ChessBase"]
[SourceDate "2015.10.08"]
[SourceVersion "1"]
[SourceVersionDate "2015.10.08"]
[SourceQuality "1"]

1. d4 d5 2. c4 dxc4 3. Nf3 Bg4 4. e3 e6 5. Bxc4 Nc6 6. Bb5 Qd5 7. Nc3 Bb4 8. Be2 Nf6 9. 0-0 Bxc3 10. bxc3 Ne4 11. Bb2 Rd8 12. c4 Qa5 13. Qc2 Bf5 14. Bd3 Nb4 15. Qb3 Nxd3 16. Qxd3 Ng3 17. Qb3 Nxf1 18. Qxb7 Qb6 19. Qxb6 cxb6 20. Rxf1 Be4 21. Nd2 Bb7 22. Rc1 Rc8 23. Ba3 Kd7 24. Nb3 Rc6 25. c5 Rhc8 26. Rb1 Ba6 27. Nd2 f5 28. Nf3 Ke8 29. h3 bxc5 30. Bxc5 R6c7 31. Nd2 Rb7 32. a3 Rxb1+ 33. Nxb1 Rb8 34. Bb4 Bc4 35. Nc3 Bd5 36. Kh2 Bc6 37. Kg3 Ra8 38. Ba5 Rb8 39. Bb4 Rb7 40. f3 Rf7 41. Kf4 Rf6 42. Ke5 Kd7 43. Bc5 f4 44. e4 a6 45. Ne2 Rg6 46. d5 exd5 47. Nxf4 Rg5+ 48. Kd4 dxe4 49. fxe4 Bxe4 50. h4 Rf5 51. Ne2 Bxg2 52. Bb4 Rh5 53. Be1 Rd5+ 54. Kc3 Bf1 55. Nf4 Rc5+ 56. Kb3 Re5 57. Bg3 Re3+ 0-1